000 00545nam a2200193 a 4500
005 20240924070232.0
008 010607s1989 r 000 0 eng d
020 _a8437608163
035 _aUPN01000107726
049 _aCG
050 4 _aBJ1114
_bK8.38
100 1 _aKutschera, Franz von
245 1 0 _aFundamentos de ética /
_cFranz von Kutschera ; tr. Ma. Teresa Hernández-Pérez.
260 _aMadrid :
_bCátedra,
_c1989.
300 _a335 p.
440 0 _aColección teorema.
_pSerie mayor
650 4 _aÉtica
_912720
905 _aLibro
999 _c81638
_d81638